Russia and Tatarstan at a crossroads of history/ (رقم التسجيلة. 113071)
[ عرض عادي ]
| 000 -LEADER | |
|---|---|
| fixed length control field | 008510000a22002650004500 |
| 003 - CONTROL NUMBER IDENTIFIER | |
| control field | EG-GiCUC |
| 008 - FIXED-LENGTH DATA ELEMENTS--GENERAL INFORMATION | |
| fixed length control field | 090108s2006 ru 000 0 eng d |
| 020 ## - INTERNATIONAL STANDARD BOOK NUMBER | |
| International Standard Book Number | 5949810724 |
| 040 ## - CATALOGING SOURCE | |
| Original cataloging agency | EG-GiCUC |
| Language of cataloging | eng |
| Transcribing agency | EG-GiCUC |
| 043 ## - GEOGRAPHIC AREA CODE | |
| Geographic area code | e-ru--- |
| 092 04 - LOCALLY ASSIGNED DEWEY CALL NUMBER (OCLC) | |
| Classification number | 947.45 |
| Item number | K451 |
| Edition number | 21 |
| 099 ## - LOCAL FREE-TEXT CALL NUMBER (OCLC) | |
| Classification number | 04 |
| -- | 947.45 K451 |
| 100 1# - MAIN ENTRY--PERSONAL NAME | |
| Personal name | Khakim , Raphael. |
| 245 10 - TITLE STATEMENT | |
| Title | Russia and Tatarstan at a crossroads of history/ |
| Statement of responsibility, etc. | Raphael Khakim. |
| 260 ## - PUBLICATION, DISTRIBUTION, ETC. | |
| Place of publication, distribution, etc. | Kazan: |
| Name of publisher, distributor, etc. | Khakimov R.S. , |
| Date of publication, distribution, etc. | 2006 |
| 300 ## - PHYSICAL DESCRIPTION | |
| Extent | 192 p. ; |
| Dimensions | 20 cm. |
| 500 ## - GENERAL NOTE | |
| General note | At ahead of title:Institute of history,Academy of science of Tatarstan |
| 500 ## - GENERAL NOTE | |
| General note | Cover title:Russian and Tatarstan at a crossroads of history. |
| 651 #0 - SUBJECT ADDED ENTRY--GEOGRAPHIC NAME | |
| Geographic name | Tatarstan(Russia) |
| General subdivision | History |
| 902 ## - LOCAL DATA ELEMENT B, LDB (RLIN) | |
| No. of Items | 1 |
| 905 ## - LOCAL DATA ELEMENT E, LDE (RLIN) | |
| Cataloger | Eman |
| Reviser | Rev. |
| 905 ## - LOCAL DATA ELEMENT E, LDE (RLIN) | |
| Cataloger | Radwa |
| Reviser | Cat |
| 942 ## - ADDED ENTRY ELEMENTS (KOHA) | |
| Source of classification or shelving scheme | Dewey Decimal Classification |
| Koha item type | Books |
| Source of classification or shelving scheme | Not for loan | Home library | Current library | Date acquired | Full call number | Barcode | Date last seen | Copy number | Koha item type |
|---|---|---|---|---|---|---|---|---|---|
| Dewey Decimal Classification | المكتبة المركزبة الجديدة - جامعة القاهرة | قاعة المكتبات المهداة - الدور الرابع | 11.02.2024 | 947.45 K451 K.B | 01000113001141000 | 23.06.2024 | C.1 | Books |